000
00208 a2200097 4500
001
28480
100
_a
Millman, J
245
_a
Electronic Devices & Circuits
260
_a
_b
Mcgraw
_c
090
_c
19089
_d
19089
942
_a
NUST-CAE
_c
M
_c
10101
999
_c
263553
_d
263553